Dhikrayāt ṣibā siyāsī muḥtarif. (Record no. 45274)

MARC details
000 -LEADER
fixed length control field 00482cam a22001931 4500
001 - CONTROL NUMBER
control field ne 62001405
003 - CONTROL NUMBER IDENTIFIER
control field DLC
005 - DATE AND TIME OF LATEST TRANSACTION
control field 20260227111737.0
008 - FIXED-LENGTH DATA ELEMENTS--GENERAL INFORMATION
fixed length control field 950505s1961 ii 000 0 arao
010 ## - LIBRARY OF CONGRESS CONTROL NUMBER
LC control number ne 62001405
035 ## - SYSTEM CONTROL NUMBER
System control number (OCoLC)32427372
040 ## - CATALOGING SOURCE
Original cataloging agency DLC
Transcribing agency CU
Modifying agency CU
-- DLC
042 ## - AUTHENTICATION CODE
Authentication code premarc
050 00 - LIBRARY OF CONGRESS CALL NUMBER
Classification number PJ7832.U72
Item number D5
100 1# - MAIN ENTRY--PERSONAL NAME
Personal name Ḥusaynī, Ḥasan Jamāl.
245 10 - TITLE STATEMENT
Title Dhikrayāt ṣibā siyāsī muḥtarif.
260 ## - PUBLICATION, DISTRIBUTION, ETC.
Date of publication, distribution, etc. [1961?]
300 ## - PHYSICAL DESCRIPTION
Extent 475 p.
Dimensions 20 cm.

No items available.

Powered by Koha